000 00859nam a2200265 i 4500
001 107351
003 ES-MaACL
005 20250916063047.0
007 t|
008 070109s1986 sp |||| | spa d
020 _a84-7039-073-2
080 _a811.134.2
080 _a821.134.2-83"15"
100 1 _aValdés, Juan de,
_dca. 1509-1542
_9154741
245 1 0 _aDiálogo de la lengua /
_cJuan de Valdés ; edición, introducción y notas de Juan M. Lope Blanch.
250 _a3ª ed.
260 _aMadrid :
_bCastalia,
_c1986.
300 _a185 p. ;
_c18 cm.
490 1 _aClásicos Castalia ;
_v11
650 1 7 _aLengua española
_2embne
_914115
700 1 _aLope Blanch, Juan M.
_973276
830 0 _aClásicos Castalia ;
_v11
_9178595
852 _aES-MaACL
_jE-11502
_z. - Biblioteca Jacinto Martínez Lacalle
999 _c107351
_d107351